[Event "HUN-chT2 Breyer 1011"]
[Site "Hungary"]
[Date "2011.05.01"]
[Round "10.3"]
[White "Radnai, Adam"]
[Black "Rigan, Jozsef"]
[Result "0-1"]
[WhiteElo "2228"]
[BlackElo "2043"]
[PlyCount "76"]
[EventDate "2010.09.12"]
[EventType "team-tourn"]
[EventRounds "11"]
[EventCountry "HUN"]
[SourceTitle "EXT 2012"]
[Source "ChessBase"]
[SourceDate "2011.11.24"]
[SourceVersion "1"]
[SourceVersionDate "2011.11.24"]
[SourceQuality "1"]
[WhiteTeam "Sarkany"]
[BlackTeam "Turul"]
[WhiteTeamCountry "HUN"]
[BlackTeamCountry "HUN"]

1. e4 c5 2. Nf3 d6 3. d4 cxd4 4. Nxd4 Nf6 5. f3 a6 6. c4 e6 7. Nc3 Nc6 8. Be3 Bd7 9. Be2 Be7 10. 0-0 0-0 11. Rc1 e5 12. Nc2 Nh5 13. Nd5 Bg5 14. Bb6 Qc8 15. Nce3 Re8 16. Rc3 Bd8 17. Qd2 g6 18. Rd1 Ng7 19. c5 dxc5 20. Nc4 Nd4 21. Nd6 Qb8 22. Nxe8 Bxe8 23. Bxd8 Qxd8 24. f4 Bc6 25. Bf3 Nge6 26. fxe5 Kg7 27. b4 b6 28. Nf6 Ba4 29. Ng4 Qh4 30. Rf1 Rd8 31. Qb2 Bb5 32. Ra1 Qg5 33. a4 Nxf3+ 34. gxf3 Rd2 35. Rc2 Rxc2 36. Qxc2 Nd4 37. Qf2 Be2 38. Ra3 Qc1+ 0-1

[Event "HUN-chT2 Breyer 1011"]
[Site "Hungary"]
[Date "2011.03.27"]
[Round "7.3"]
[White "Dibusz, Ferenc"]
[Black "Rigan, Jozsef"]
[Result "1-0"]
[WhiteElo "2197"]
[BlackElo "2043"]
[PlyCount "79"]
[EventDate "2010.09.12"]
[EventType "team-tourn"]
[EventRounds "11"]
[EventCountry "HUN"]
[SourceTitle "EXT 2012"]
[Source "ChessBase"]
[SourceDate "2011.11.24"]
[SourceVersion "1"]
[SourceVersionDate "2011.11.24"]
[SourceQuality "1"]
[WhiteTeam "Geniusz Tata"]
[BlackTeam "Turul"]
[WhiteTeamCountry "HUN"]
[BlackTeamCountry "HUN"]

1. d4 Nf6 2. Nf3 e6 3. c4 Bb4+ 4. Bd2 Be7 5. Nc3 d5 6. e3 c6 7. Rc1 0-0 8. Qc2 Nbd7 9. Bd3 h6 10. 0-0 Re8 11. Rfe1 dxc4 12. Bxc4 Nb6 13. Bd3 Bd6 14. e4 e5 15. h3 Nfd7 16. Ne2 Qf6 17. Rcd1 exd4 18. Nfxd4 Ne5 19. f4 Nxd3 20. Qxd3 Qe7 21. e5 Bc5 22. Be3 Nd5 23. Bf2 Bb4 24. Rf1 a6 25. a3 Ba5 26. Nf3 Bc7 27. b4 g6 28. Bc5 Qd8 29. Nc3 Bf5 30. Qd2 b6 31. Bf2 Be6 32. f5 gxf5 33. Qxh6 Qe7 34. Nxd5 Bxd5 35. Bh4 Qf8 36. Qh5 Bxf3 37. Rxf3 Bxe5 38. Rg3+ Qg7 39. Rxg7+ Bxg7 40. Rd7 1-0

[Event "HUN-chT2 Breyer 0910"]
[Site "Hungary"]
[Date "2009.12.06"]
[Round "3"]
[White "Gal, Lajos"]
[Black "Rigan, Jozsef"]
[Result "1/2-1/2"]
[WhiteElo "2123"]
[BlackElo "2050"]
[PlyCount "132"]
[EventDate "2009.11.08"]
[EventType "team-tourn"]
[EventRounds "11"]
[EventCountry "HUN"]
[SourceTitle "EXT 2011"]
[Source "ChessBase"]
[SourceDate "2010.11.26"]
[SourceVersion "1"]
[SourceVersionDate "2010.11.26"]
[SourceQuality "1"]
[WhiteTeam "Zoltek"]
[BlackTeam "Turul"]
[WhiteTeamCountry "HUN"]
[BlackTeamCountry "HUN"]

1. d4 Nf6 2. Nf3 b6 3. Bf4 Bb7 4. Nbd2 e6 5. e3 a6 6. Bd3 d5 7. 0-0 Bd6 8. Re1 Ne4 9. Bxe4 dxe4 10. Ne5 h5 11. h3 g5 12. Bg3 f6 13. Nec4 Bxg3 14. fxg3 Nd7 15. b4 Qe7 16. c3 f5 17. a4 Qh7 18. Nb2 h4 19. g4 Nf6 20. Qb3 Bd5 21. c4 Bb7 22. Rf1 0-0 23. gxf5 exf5 24. d5 Rad8 25. Qc3 Nh5 26. Rf2 Ng3 27. Nf1 Qg7 28. Qe1 f4 29. Rc1 f3 30. gxf3 exf3 31. Nh2 Ne2+ 32. Rxe2 fxe2 33. Qxe2 Qe5 34. Nf1 Qf5 35. Qg2 Rf7 36. e4 Qf3 37. e5 Rdf8 38. Rb1 Qxg2+ 39. Kxg2 b5 40. Ne3 Rf2+ 41. Kg1 R2f3 42. Ng4 Rg3+ 43. Kh2 bxc4 44. Nxc4 Bxd5 45. Nce3 Be6 46. Rc1 Rff3 47. Nf6+ Rxf6 48. exf6 Rxe3 49. Rxc7 Rxh3+ 50. Kg2 Rg3+ 51. Kf2 Bd5 52. Rc5 Bb3 53. b5 axb5 54. axb5 Be6 55. Rc7 g4 56. b6 Rf3+ 57. Kg1 Rxf6 58. Rc5 Rf4 59. b7 Rb4 60. Rc8+ Kf7 61. b8Q Rxb8 62. Rxb8 g3 63. Kg2 Kf6 64. Rb6 Kf5 65. Rb5+ Kg4 66. Rb4+ Kg5 1/2-1/2

[Event "HUN-chT2 Breyer 0809"]
[Site "Hungary"]
[Date "2009.04.19"]
[Round "11"]
[White "Horeczky, Tibor"]
[Black "Rigan, Jozsef"]
[Result "1-0"]
[WhiteElo "2230"]
[BlackElo "2050"]
[PlyCount "59"]
[EventDate "2008.10.26"]
[EventType "team-tourn"]
[EventRounds "11"]
[EventCountry "HUN"]
[SourceTitle "EXT 2010"]
[Source "ChessBase"]
[SourceDate "2010.11.25"]
[SourceVersion "1"]
[SourceVersionDate "2010.11.25"]
[SourceQuality "1"]
[WhiteTeam "Vertesi Eromu"]
[BlackTeam "Turul"]
[WhiteTeamCountry "HUN"]
[BlackTeamCountry "HUN"]

1. d4 Nf6 2. c4 c5 3. d5 d6 4. Nc3 g6 5. e4 Bg7 6. f4 Nbd7 7. Nf3 Qc7 8. Be2 a6 9. 0-0 0-0 10. a4 Rb8 11. e5 Ne8 12. e6 fxe6 13. dxe6 Ndf6 14. Nd5 Nxd5 15. cxd5 b5 16. axb5 axb5 17. Nh4 Bd4+ 18. Kh1 Nf6 19. f5 Nxd5 20. fxg6 Rxf1+ 21. Qxf1 Bxe6 22. gxh7+ Kxh7 23. Bd3+ Kg8 24. Qf3 Nf6 25. Bh6 Ng4 26. Rf1 Nf6 27. Qg3+ Ng4 28. Nf5 Bxf5 29. Bxf5 Kh8 30. Qxg4 1-0

[Event "HUN-chT2 Breyer 0809"]
[Site "Hungary"]
[Date "2008.11.30"]
[Round "3"]
[White "Berek, Geza"]
[Black "Rigan, Jozsef"]
[Result "1/2-1/2"]
[WhiteElo "2258"]
[BlackElo "2050"]
[PlyCount "141"]
[EventDate "2008.10.26"]
[EventType "team-tourn"]
[EventRounds "11"]
[EventCountry "HUN"]
[SourceTitle "EXT 2010"]
[Source "ChessBase"]
[SourceDate "2010.11.25"]
[SourceVersion "1"]
[SourceVersionDate "2010.11.25"]
[SourceQuality "1"]
[WhiteTeam "Esztergom"]
[BlackTeam "Turul"]
[WhiteTeamCountry "HUN"]
[BlackTeamCountry "HUN"]

1. e4 e6 2. d4 d5 3. Nd2 dxe4 4. Nxe4 Nf6 5. Nxf6+ Qxf6 6. Nf3 Qd8 7. Be3 Bd6 8. Bd3 Nc6 9. c3 Ne7 10. Bg5 f6 11. Bd2 c6 12. Qe2 0-0 13. 0-0-0 b5 14. Qe4 f5 15. Qe2 Nd5 16. Ne5 Bxe5 17. Qxe5 Nf6 18. f3 Qd5 19. Qxd5 Nxd5 20. b3 a5 21. Rhe1 a4 22. c4 bxc4 23. bxc4 Nb6 24. Bb4 Rf6 25. Bc5 Nd7 26. Bd6 Nf8 27. Kc2 Rf7 28. Rb1 Rd7 29. Bc5 Kf7 30. Rb6 Rc7 31. Bd6 Rb7 32. Rxc6 Bd7 33. Rc7 Rxc7 34. Bxc7 Ra7 35. Bb6 Rb7 36. Bc5 g5 37. Rb1 Rxb1 38. Kxb1 Ng6 39. Bd6 Nh4 40. Bf1 f4 41. Be5 Bc6 42. Kc1 a3 43. Kd2 Ke7 44. Ke1 Ba4 45. Kd2 h6 46. Kc3 Bc6 47. Kb4 Nf5 48. Kxa3 Ne3 49. Be2 Nxg2 50. Kb4 g4 51. d5 exd5 52. Kc5 Ke6 53. Kxc6 dxc4 54. Bc3 Kf5 55. a4 g3 56. Bf1 Ne3 57. Bh3+ Kg5 58. hxg3 fxg3 59. a5 Kh4 60. a6 Kxh3 61. a7 g2 62. a8Q g1Q 63. Qc8+ Kg2 64. Qg8+ Kf2 65. Qe6 Qh1 66. Kc5 Qxf3 67. Qxh6 Qd5+ 68. Kb4 Ke2 69. Qh2+ Ng2 70. Qe5+ Qxe5 71. Bxe5 1/2-1/2

[Event "HUN-chT2 Breyer 0809"]
[Site "Hungary"]
[Date "2008.11.02"]
[Round "2"]
[White "Rigan, Jozsef"]
[Black "Szegi, Tamas"]
[Result "0-1"]
[WhiteElo "2050"]
[BlackElo "2224"]
[PlyCount "120"]
[EventDate "2008.10.26"]
[EventType "team-tourn"]
[EventRounds "11"]
[EventCountry "HUN"]
[SourceTitle "EXT 2010"]
[Source "ChessBase"]
[SourceDate "2010.11.25"]
[SourceVersion "1"]
[SourceVersionDate "2010.11.25"]
[SourceQuality "1"]
[WhiteTeam "Turul"]
[BlackTeam "Kisber Aszar"]
[WhiteTeamCountry "HUN"]
[BlackTeamCountry "HUN"]

1. e4 c5 2. Nc3 e6 3. g3 Nc6 4. Bg2 g6 5. Nge2 Bg7 6. d3 Nge7 7. 0-0 0-0 8. a3 d6 9. Rb1 b6 10. Bg5 h6 11. Be3 Rb8 12. Qd2 Kh7 13. d4 d5 14. exd5 exd5 15. Rfd1 c4 16. Nf4 Be6 17. h4 b5 18. Kh2 a5 19. Qe1 Re8 20. Qh1 Bg4 21. Rd2 Nf5 22. Bxd5 Ncxd4 23. Bxd4 Nxd4 24. Rxd4 Bxd4 25. Bxf7 Rf8 26. Bxg6+ Kg7 27. Ncd5 Be5 28. Qe4 Qd6 29. h5 Rbd8 30. Re1 Bf6 31. f3 Bc8 32. Nxf6 Rxf6 33. a4 Rd7 34. axb5 Bb7 35. Qe3 Qd2+ 36. Re2 Qd1 37. Be4 Re7 38. Re1 Qd6 39. Qc3 Bxe4 40. fxe4 Re5 41. Re2 Kh7 42. Rd2 Qe7 43. Qxc4 Rxf4 44. gxf4 Qh4+ 45. Kg2 Qg4+ 46. Kf1 Qf3+ 47. Rf2 Qh1+ 48. Ke2 Rxe4+ 49. Qxe4+ Qxe4+ 50. Kf1 Qh1+ 51. Ke2 Qxh5+ 52. Ke3 Qc5+ 53. Kf3 Qxb5 54. b3 Kg6 55. Kg3 Kf5 56. Kg2 h5 57. Kg3 Qe8 58. Kg2 Qe4+ 59. Kg3 Qh1 60. Rg2 Qe1+ 0-1

[Event "HUN-chT2 Breyer 0708"]
[Site "Hungary"]
[Date "2008.04.27"]
[Round "10"]
[White "Rigan, Jozsef"]
[Black "Balazs, Andras"]
[Result "1-0"]
[WhiteElo "2021"]
[BlackElo "2053"]
[PlyCount "133"]
[EventDate "2007.10.14"]
[EventType "team"]
[EventRounds "11"]
[EventCountry "HUN"]
[SourceTitle "EXT 2009"]
[Source "ChessBase"]
[SourceDate "2008.11.26"]
[SourceVersion "1"]
[SourceVersionDate "2008.11.26"]
[SourceQuality "1"]
[WhiteTeam "Turul"]
[BlackTeam "Zoltek"]
[WhiteTeamCountry "HUN"]
[BlackTeamCountry "HUN"]

1. e4 c5 2. Nc3 a6 3. g3 e6 4. Bg2 Qc7 5. d3 b5 6. a3 Bb7 7. Nge2 d6 8. 0-0 Be7 9. f4 Nd7 10. h3 Ngf6 11. Kh2 b4 12. axb4 cxb4 13. Na4 0-0 14. b3 Rac8 15. Ra2 Kh8 16. Be3 e5 17. fxe5 dxe5 18. g4 Ne8 19. Ng3 g6 20. Bh6 Ng7 21. Qd2 a5 22. g5 Ba6 23. h4 Bb5 24. Bh3 Rcd8 25. Nb2 Nc5 26. Qe2 Rd6 27. Kg2 Kg8 28. Rf2 Nce6 29. Bxe6 Rxe6 30. Nc4 Bxc4 31. dxc4 Bd8 32. Rf3 Rfe8 33. Bxg7 Kxg7 34. Ra1 Rd6 35. Rd3 f6 36. gxf6+ Rxf6 37. Qg4 Rf7 38. Nf5+ Kh8 39. Nd6 Rf4 40. Qxf4 exf4 41. Nxe8 Qe7 42. Nd6 Bc7 43. e5 Qxh4 44. Kf3 h5 45. Rg1 Kh7 46. Ke4 Qf2 47. Rc1 Qg2+ 48. Kd4 Bb6+ 49. c5 Qf2+ 50. Kd5 Qxc5+ 51. Ke6 Qc6 52. Ke7 Be3 53. Rcd1 Qxc2 54. e6 Qc7+ 55. Ke8 Qc6+ 56. Kf7 Qa8 57. Ne8 Bc5 58. Rd8 Qf3 59. Nf6+ Kh6 60. R1d5 Qxd5 61. Rxd5 f3 62. Rxc5 f2 63. Rc1 g5 64. Ne4 g4 65. Nxf2 g3 66. Nh3 h4 67. Rc5 1-0

[Event "HUN-chT2 Breyer 0708"]
[Site "Hungary"]
[Date "2008.03.16"]
[Round "8"]
[White "Rigan, Jozsef"]
[Black "Sarok, Peter"]
[Result "1/2-1/2"]
[WhiteElo "2021"]
[BlackElo "2182"]
[PlyCount "119"]
[EventDate "2007.10.14"]
[EventType "team"]
[EventRounds "11"]
[EventCountry "HUN"]
[SourceTitle "EXT 2009"]
[Source "ChessBase"]
[SourceDate "2008.11.26"]
[SourceVersion "1"]
[SourceVersionDate "2008.11.26"]
[SourceQuality "1"]
[WhiteTeam "Turul"]
[BlackTeam "Kisber Aszar"]
[WhiteTeamCountry "HUN"]
[BlackTeamCountry "HUN"]

1. e4 e6 2. d4 d5 3. exd5 exd5 4. Bd3 c5 5. dxc5 Bxc5 6. Ne2 Nf6 7. 0-0 h6 8. Nbc3 Nc6 9. Na4 Bd6 10. Ng3 0-0 11. Nc3 Re8 12. Nce2 Bg4 13. f3 Bd7 14. c3 Qb6+ 15. Kh1 Rad8 16. b4 a6 17. a3 Bb8 18. Bd2 Ne5 19. Bf5 Bb5 20. a4 Bc4 21. a5 Qc7 22. Re1 Bxe2 23. Rxe2 Nc4 24. Be1 Ne3 25. Qd3 Nxf5 26. Rxe8+ Rxe8 27. Qxf5 Qc4 28. Bd2 Bxg3 29. hxg3 Re2 30. Bxh6 Qxc3 31. Rc1 Re1+ 32. Rxe1 Qxe1+ 33. Kh2 gxh6 34. Qxf6 Qe6 35. Qf4 Kg7 36. Qd4+ Kf8 37. g4 Ke7 38. Kg3 Qe1+ 39. Kf4 Qe6 40. g3 Kd7 41. Qd3 Ke7 42. Qd4 Qf6+ 43. Ke3 Qxd4+ 44. Kxd4 Kd6 45. f4 f6 46. Kd3 Kc6 47. Kd4 Kd6 48. Kd3 Kc7 49. Kd4 Kc6 50. Kd3 Kb5 51. Kd4 Kxb4 52. Kxd5 Kxa5 53. Ke6 b5 54. Kxf6 b4 55. g5 hxg5 56. fxg5 b3 57. g6 b2 58. g7 b1Q 59. g8Q Qb2+ 60. Kg5 1/2-1/2

[Event "HUN-chT2 Breyer 0708"]
[Site "Hungary"]
[Date "2007.10.14"]
[Round "1"]
[White "Laszlo, Imre"]
[Black "Rigan, Jozsef"]
[Result "1-0"]
[WhiteElo "2220"]
[BlackElo "2021"]
[PlyCount "117"]
[EventDate "2007.10.14"]
[EventType "team"]
[EventRounds "11"]
[EventCountry "HUN"]
[SourceTitle "EXT 2009"]
[Source "ChessBase"]
[SourceDate "2008.11.26"]
[SourceVersion "1"]
[SourceVersionDate "2008.11.26"]
[SourceQuality "1"]
[WhiteTeam "Geniusz Tata"]
[BlackTeam "Turul"]
[WhiteTeamCountry "HUN"]
[BlackTeamCountry "HUN"]

1. e4 c6 2. d4 d5 3. Nc3 dxe4 4. Nxe4 Nf6 5. Nxf6+ exf6 6. Be3 Be6 7. Nf3 Nd7 8. Be2 Nb6 9. 0-0 Bd6 10. b3 Nd5 11. Bd2 0-0 12. c4 Nf4 13. Bxf4 Bxf4 14. Qc2 Rc8 15. Rfd1 Qd7 16. a4 Kh8 17. a5 Bf5 18. Qc3 Rfe8 19. Bd3 Bg4 20. Bf1 Bb8 21. h3 Bh5 22. Rd3 Qc7 23. g3 Rcd8 24. b4 Qd7 25. Rad1 Qc8 26. d5 Be5 27. Qa3 cxd5 28. Rxd5 Rxd5 29. Rxd5 Bg6 30. Nxe5 fxe5 31. Qe3 f6 32. Qxa7 Be4 33. Rd2 Qf5 34. Qe3 h5 35. Bg2 Bxg2 36. Kxg2 Rc8 37. Qe2 Kh7 38. c5 Kh6 39. Qf3 Qxf3+ 40. Kxf3 Rc7 41. Rd6 Kg6 42. Ke4 h4 43. g4 Kg5 44. a6 bxa6 45. Rxa6 Rb7 46. Rb6 Rd7 47. c6 Rd4+ 48. Ke3 Rc4 49. b5 g6 50. Ra6 f5 51. gxf5 gxf5 52. Ra3 f4+ 53. Kd2 e4 54. Rb3 e3+ 55. fxe3 f3 56. Ke1 Kf5 57. Kf2 Ke4 58. Rb2 Kd3 59. b6 1-0

[Event "HUN-chT2 Breyer 0506"]
[Site "Hungary"]
[Date "2006.04.23"]
[Round "11"]
[White "Rigan, Jozsef"]
[Black "Halasz, Csaba"]
[Result "1/2-1/2"]
[WhiteElo "2022"]
[BlackElo "2124"]
[PlyCount "141"]
[EventDate "2005.10.16"]
[EventType "team"]
[EventRounds "11"]
[EventCountry "HUN"]
[SourceTitle "EXT 2009"]
[Source "ChessBase"]
[SourceDate "2008.11.26"]
[SourceVersion "1"]
[SourceVersionDate "2008.11.26"]
[SourceQuality "1"]
[WhiteTeam "Turul"]
[BlackTeam "MAFC"]
[WhiteTeamCountry "HUN"]
[BlackTeamCountry "HUN"]

1. c4 e5 2. Nc3 Nf6 3. g3 Bb4 4. Bg2 0-0 5. Qc2 c6 6. a3 Bxc3 7. dxc3 d5 8. cxd5 Nxd5 9. e4 Ne7 10. Nf3 Qc7 11. 0-0 Be6 12. b3 f6 13. Be3 Nd7 14. Rfd1 Rfd8 15. Rac1 b6 16. Nd2 Nf8 17. Bf1 Rd7 18. f3 Rad8 19. a4 Nc8 20. Ra1 g6 21. Rdc1 Kg7 22. a5 bxa5 23. Ra2 Nb6 24. Rca1 a4 25. c4 axb3 26. Nxb3 Nc8 27. Nc5 Rd6 28. h4 Bf7 29. Be2 Ne6 30. Nxe6+ Bxe6 31. Qc3 R6d7 32. f4 exf4 33. Bxf4 Qb6+ 34. Be3 Qc7 35. Bg5 Rf8 36. Bf4 Qb6+ 37. c5 Qb3 38. Qxb3 Bxb3 39. Rb2 Be6 40. Rb8 Ne7 41. Bh6+ Kxh6 42. Rxf8 f5 43. Rf6 Bg8 44. Rd6 Rb7 45. Ba6 Rb4 46. exf5 Nxf5 47. Rxc6 Nxg3 48. Rd6 Rxh4 49. Bb7 Rg4 50. Kf2 Nf5 51. Rh1+ Kg5 52. Rd8 Rf4+ 53. Ke1 Rb4 54. Rg1+ Kf6 55. c6 Be6 56. Kd2 Nd4 57. Rf1+ Ke7 58. Rff8 Nb5 59. Rfe8+ Kf6 60. Ba6 Nc7 61. Rf8+ Ke7 62. Bd3 a5 63. Rb8 Kd6 64. Rxb4 axb4 65. Rh8 Kxc6 66. Rxh7 g5 67. Rg7 g4 68. Be2 Kd6 69. Bxg4 Bxg4 70. Rxg4 Kc5 71. Kc2 1/2-1/2

[Event "HUN-chT2 Breyer 0506"]
[Site "Hungary"]
[Date "2005.12.04"]
[Round "5"]
[White "Rigan, Jozsef"]
[Black "Konyves, Karoly"]
[Result "0-1"]
[WhiteElo "2022"]
[BlackElo "2074"]
[PlyCount "110"]
[EventDate "2005.10.16"]
[EventType "team"]
[EventRounds "11"]
[EventCountry "HUN"]
[SourceTitle "EXT 2009"]
[Source "ChessBase"]
[SourceDate "2008.11.26"]
[SourceVersion "1"]
[SourceVersionDate "2008.11.26"]
[SourceQuality "1"]
[WhiteTeam "Turul"]
[BlackTeam "Vizugy II"]
[WhiteTeamCountry "HUN"]
[BlackTeamCountry "HUN"]

1. c4 e6 2. Nf3 d5 3. e3 Nf6 4. b3 c5 5. Bb2 Nc6 6. Be2 d4 7. Qc1 e5 8. d3 Be7 9. 0-0 0-0 10. exd4 exd4 11. Nbd2 Bg4 12. Re1 Bd6 13. Qd1 Re8 14. a3 a5 15. Ra2 Bc7 16. Nf1 Qd6 17. Bc1 Re7 18. Bg5 Rae8 19. Bd2 h6 20. Rb2 Qd7 21. h3 Bh5 22. Rb1 Bg6 23. Nh4 Bh7 24. Ng3 Ne5 25. Bf1 Nxd3 26. Rxe7 Rxe7 27. Bxd3 Bxd3 28. Rb2 Bh7 29. Qf3 Bxg3 30. fxg3 Ne4 31. g4 g5 32. Nf5 Bxf5 33. gxf5 Nxd2 34. Rxd2 Qc6 35. Qxc6 bxc6 36. b4 axb4 37. axb4 cxb4 38. Rxd4 b3 39. Rd8+ Kg7 40. Rb8 Re3 41. Rb6 Rc3 42. Kh2 c5 43. g4 Rc2+ 44. Kg3 b2 45. f6+ Kg6 46. h4 gxh4+ 47. Kxh4 Rxc4 48. Rxb2 h5 49. Rf2 Rxg4+ 50. Kh3 c4 51. Rf3 Rd4 52. Rf1 c3 53. Rf2 Rc4 54. Rc2 Kxf6 55. Kg3 Ke5 0-1

[Event "HUN-chT2 Breyer 0304"]
[Site "Hungary"]
[Date "2004.02.22"]
[Round "8"]
[White "Rigan, Jozsef"]
[Black "Birinyi, Istvan"]
[Result "1-0"]
[WhiteElo "2032"]
[BlackElo "2063"]
[PlyCount "102"]
[EventDate "2003.09.28"]
[EventType "team"]
[EventRounds "11"]
[EventCountry "HUN"]
[SourceTitle "EXT 2009"]
[Source "ChessBase"]
[SourceDate "2008.11.26"]
[SourceVersion "1"]
[SourceVersionDate "2008.11.26"]
[SourceQuality "1"]
[WhiteTeam "Turul"]
[BlackTeam "Vizugy II"]
[WhiteTeamCountry "HUN"]
[BlackTeamCountry "HUN"]

1. c4 Nf6 2. Nf3 e6 3. b3 d5 4. Bb2 Be7 5. e3 0-0 6. Be2 c5 7. 0-0 Nc6 8. Ne5 Qc7 9. f4 b6 10. d3 Bb7 11. Nd2 Rad8 12. Qb1 dxc4 13. bxc4 Nd7 14. Ndf3 Ndxe5 15. Nxe5 Nxe5 16. Bxe5 Bd6 17. Bc3 e5 18. Qb2 exf4 19. Bxg7 fxe3 20. Kh1 f5 21. Bf6 Rxf6 22. Qxf6 Be5 23. Qxf5 Qg7 24. Qg4 Qxg4 25. Bxg4 Bxa1 26. Rxa1 Rxd3 27. a4 Rd2 28. Rg1 Rf2 29. Bf3 Rxf3 30. gxf3+ Kf7 31. Kg2 Ba6 32. Rc1 Kf6 33. Rc3 h5 34. h4 Kf5 35. Kg3 e2 36. Kf2 Kf4 37. Re3 Bb7 38. Kxe2 Kg3 39. a5 Kxh4 40. axb6 axb6 41. Kf2 Ba6 42. Re5 Bc8 43. Ke3 Bd7 44. Kf4 b5 45. cxb5 Bxb5 46. Rxc5 Bd7 47. Rc1 Be6 48. Rg1 Bd7 49. Rh1+ Bh3 50. Re1 Bd7 51. Rg1 Bc8 1-0

[Event "HUN-chT2 Breyer 0304"]
[Site "Hungary"]
[Date "2003.10.05"]
[Round "2"]
[White "Rigan, Jozsef"]
[Black "Takacs, Tamas"]
[Result "0-1"]
[WhiteElo "2032"]
[BlackElo "2072"]
[PlyCount "148"]
[EventDate "2003.09.28"]
[EventType "team"]
[EventRounds "11"]
[EventCountry "HUN"]
[SourceTitle "EXT 2009"]
[Source "ChessBase"]
[SourceDate "2008.11.26"]
[SourceVersion "1"]
[SourceVersionDate "2008.11.26"]
[SourceQuality "1"]
[WhiteTeam "Turul"]
[BlackTeam "Pet"]
[WhiteTeamCountry "HUN"]
[BlackTeamCountry "HUN"]

1. c4 c5 2. Nf3 Nf6 3. Nc3 g6 4. e3 d6 5. d4 Bd7 6. Be2 Bg7 7. h3 0-0 8. 0-0 h6 9. Qb3 Nc6 10. d5 Na5 11. Qc2 a6 12. e4 e5 13. a3 Qc7 14. Kh2 Rab8 15. Nd2 b5 16. b3 bxc4 17. bxc4 Nh7 18. g4 f5 19. gxf5 gxf5 20. Rg1 Kh8 21. Qd3 f4 22. Rb1 Rxb1 23. Ncxb1 Ng5 24. Bg4 Bf6 25. h4 Nh7 26. Qh3 Bxg4 27. Qxg4 Qf7 28. Kh3 Bd8 29. Bb2 h5 30. Qg6 Qd7+ 31. Kh2 Bxh4 32. Bc3 Nb7 33. Qxh5 Bxf2 34. Rg6 Bd4 35. Nf3 Rg8 36. Bxd4 cxd4 37. Nxe5 dxe5 38. Qxe5+ Rg7 39. Qxd4 Kg8 40. Rxg7+ Qxg7 41. Qxg7+ Kxg7 42. e5 Kg6 43. Nc3 Nc5 44. Kg2 Kf5 45. e6 Nf6 46. Kf3 Ne8 47. Ne2 Nd6 48. Nd4+ Kf6 49. Kxf4 Nxc4 50. Nc2 a5 51. Kf3 Ke7 52. Kf4 Kd6 53. Ne3 Nxa3 54. Nf5+ Kxd5 55. e7 Ne6+ 56. Ke3 Nc7 57. Kd3 Nab5 58. Ng7 Nd6 59. Kc3 Kc5 60. Kb3 Kb5 61. Ka3 a4 62. e8Q+ Ncxe8 63. Ne6 Nc4+ 64. Ka2 Nf6 65. Nd4+ Kc5 66. Ne2 Ne4 67. Ka1 Kb4 68. Nd4 Nc3 69. Nc2+ Kc5 70. Ne1 Nd5 71. Nc2 Nb4 72. Ne1 a3 73. Kb1 Nd2+ 74. Kc1 Nb3+ 0-1

[Event "HUN-chT2 Breyer 0203"]
[Site "Hungary"]
[Date "2003.03.23"]
[Round "9"]
[White "Kiss, Zoltan"]
[Black "Rigan, Jozsef"]
[Result "1/2-1/2"]
[WhiteElo "2227"]
[BlackElo "2033"]
[PlyCount "124"]
[EventDate "2002.09.22"]
[EventType "team"]
[EventRounds "11"]
[EventCountry "HUN"]
[SourceTitle "EXT 2009"]
[Source "ChessBase"]
[SourceDate "2008.11.26"]
[SourceVersion "1"]
[SourceVersionDate "2008.11.26"]
[SourceQuality "1"]

1. e4 c5 2. Nf3 e6 3. d4 cxd4 4. Nxd4 a6 5. Nc3 Qc7 6. Bd3 Nf6 7. 0-0 Bd6 8. h3 h5 9. Be3 Bc5 10. f4 d6 11. Qf3 Nc6 12. Nxc6 Qxc6 13. Rae1 b5 14. e5 Qxf3 15. Rxf3 Nd7 16. exd6 Bxd6 17. Be4 Rb8 18. Kh1 0-0 19. Ba7 Nf6 20. Bxb8 Bxb8 21. Bc6 h4 22. Rd1 Nh5 23. Ne2 Bc7 24. c3 g6 25. b3 Kg7 26. c4 bxc4 27. bxc4 a5 28. a4 Ba6 29. Bb5 Bb7 30. Rff1 Bb6 31. Kh2 Bc7 32. Rd7 Rc8 33. Kh1 Be4 34. c5 Bb8 35. Rd4 Bd5 36. Rc1 Ba7 37. Rd2 Rxc5 38. Rxc5 Bxc5 39. Rd1 Kf6 40. Kh2 Bd6 41. Rf1 g5 42. Rd1 gxf4 43. Kg1 Bc5+ 44. Kf1 Ke5 45. Rc1 Kd6 46. Be8 Be3 47. Rc3 Ke7 48. Bc6 Nf6 49. Bxd5 Nxd5 50. Rc4 Nb6 51. Rc7+ Kf6 52. Nc3 Bd4 53. Nb5 Nd5 54. Rb7 Bc5 55. Ke2 e5 56. Kf3 Bb4 57. Ke4 Ke6 58. Nc7+ Nxc7 59. Rxc7 f5+ 60. Kf3 e4+ 61. Ke2 Kf6 62. Rh7 Kg5 1/2-1/2

[Event "HUN-chT2 Breyer 0203"]
[Site "Hungary"]
[Date "2003.02.16"]
[Round "7"]
[White "Hever, Miklos"]
[Black "Rigan, Jozsef"]
[Result "1-0"]
[WhiteElo "2273"]
[BlackElo "2033"]
[PlyCount "113"]
[EventDate "2002.09.22"]
[EventType "team"]
[EventRounds "11"]
[EventCountry "HUN"]
[SourceTitle "EXT 2009"]
[Source "ChessBase"]
[SourceDate "2008.11.26"]
[SourceVersion "1"]
[SourceVersionDate "2008.11.26"]
[SourceQuality "1"]

1. Nf3 d5 2. c4 c6 3. g3 Nf6 4. Bg2 e6 5. 0-0 Be7 6. d4 Nbd7 7. Nc3 0-0 8. b3 Bb4 9. Qc2 Re8 10. Bb2 Rb8 11. Rad1 b5 12. Ne5 Nxe5 13. dxe5 Nd7 14. cxb5 cxb5 15. e4 d4 16. Rxd4 Bc5 17. Rd2 Qc7 18. Rc1 Qb6 19. Nd1 Rb7 20. a3 Rc7 21. Qd3 a5 22. Rdc2 b4 23. axb4 axb4 24. Bf1 Bb7 25. Qb5 Rec8 26. Rxc5 Rxc5 27. Rxc5 Qxc5 28. Qxb7 Rc7 29. Qb5 Qxb5 30. Bxb5 Nc5 31. Bc4 Nxe4 32. Ne3 Rd7 33. Bc1 Ra7 34. f3 Nc3 35. Bd2 Ra1+ 36. Kf2 Ra2 37. Nf1 Rb2 38. Ke3 h6 39. Kd4 Nd5 40. Kc5 g5 41. f4 gxf4 42. gxf4 Kg7 43. f5 Nc3 44. Kxb4 Ne4 45. f6+ Kg8 46. Bxh6 Rf2 47. Be3 Ra2 48. Bd3 Nf2 49. Bxf2 Rxf2 50. Kc5 Rf3 51. Bc4 Rf5 52. Kd6 Rf4 53. Ng3 Rh4 54. Ke7 Rxh2 55. Bxe6 Ra2 56. Bxf7+ Kh7 57. Bd5 1-0

[Event "HUN-chT2 Breyer 0203"]
[Site "Hungary"]
[Date "2003.02.02"]
[Round "6"]
[White "Rigan, Jozsef"]
[Black "Meixner, Ferenc"]
[Result "0-1"]
[WhiteElo "2033"]
[BlackElo "2152"]
[PlyCount "120"]
[EventDate "2002.09.22"]
[EventType "team"]
[EventRounds "11"]
[EventCountry "HUN"]
[SourceTitle "EXT 2009"]
[Source "ChessBase"]
[SourceDate "2008.11.26"]
[SourceVersion "1"]
[SourceVersionDate "2008.11.26"]
[SourceQuality "1"]

1. c4 c6 2. Nf3 d5 3. e3 Nf6 4. b3 Bf5 5. Bb2 e6 6. Be2 Nbd7 7. 0-0 Bd6 8. d3 0-0 9. Nbd2 Nc5 10. d4 Nce4 11. Nxe4 Nxe4 12. g3 Bh3 13. c5 Bxf1 14. Bxf1 Bc7 15. b4 f5 16. Bd3 Qe8 17. Ne5 Rf6 18. f3 Ng5 19. Kg2 Qh5 20. h4 Nf7 21. Be2 Nxe5 22. dxe5 Rff8 23. Bd4 h6 24. Qd3 g5 25. Rh1 Qg6 26. Kf2 Qg7 27. f4 gxf4 28. exf4 Kh8 29. Rg1 Rg8 30. Qc3 Raf8 31. a4 Bd8 32. Kf1 Qf7 33. h5 Rg7 34. Kg2 Rfg8 35. Kh3 Rg4 36. Bxg4 Rxg4 37. Kg2 Qxh5 38. Rh1 Qg6 39. Kf2 h5 40. Rh3 h4 41. b5 Kg8 42. Qf3 Rxg3 43. Rxg3 Qxg3+ 44. Qxg3+ hxg3+ 45. Kxg3 Kf7 46. Kf3 Kg6 47. Bf2 Kh5 48. Be1 d4 49. Bb4 Kh4 50. Be1+ Kh3 51. Bf2 d3 52. Be1 Be7 53. a5 a6 54. bxc6 bxc6 55. Bb4 Bf8 56. Ke3 Kg4 57. Bd2 Bh6 58. Kxd3 Bxf4 59. Bc3 Kf3 60. Bd4 Bg3 0-1